000 00533nam a2200181Ia 4500
003 OSt
005 20240807162345.0
008 190216s9999||||xx |||||||||||||| ||und||
020 _a9788182642218
040 _coclc
082 _a894.8128
_bKUN/T
100 _aKunhikrishnan, K
_97961
245 0 _aTelevisionum samoohavum /
_cK Kunhikrishnan
260 _bMathrubhumi Printing &publishing,
_aKozhikode:
_c2005.
300 _a80p
650 _aPadanam
942 _cBK
_2ddc
_h894.8128
_iKUN/T
_k894.8128
_mKUN/T
999 _c29018
_d29018